Jhotay roop k darshan (Record no. 11681)
[ view plain ]
| 000 -LEADER | |
|---|---|
| fixed length control field | 00294nam a22001337a 4500 |
| 082 ## - DEWEY DECIMAL CLASSIFICATION NUMBER | |
| Classification number | 891.4393 ANW |
| 100 ## - MAIN ENTRY--PERSONAL NAME | |
| Personal name | Anwar Raja |
| 245 ## - TITLE STATEMENT | |
| Title | Jhotay roop k darshan |
| 260 ## - PUBLICATION, DISTRIBUTION, ETC. | |
| Place of publication, distribution, etc. | Lahore |
| Name of publisher, distributor, etc. | Jhangir Books |
| 300 ## - PHYSICAL DESCRIPTION | |
| Extent | 136p. : |
| Accompanying material | 22 cm |
| 650 ## - SUBJECT ADDED ENTRY--TOPICAL TERM | |
| Topical term or geographic name entry element | Urdu literature |
| 700 ## - ADDED ENTRY--PERSONAL NAME | |
| Personal name | Raja Anwar |
| 942 ## - ADDED ENTRY ELEMENTS (KOHA) | |
| Koha item type | Book |
| Withdrawn status | Lost status | Damaged status | Not for loan | Collection code | Permanent Location | Current Location | Shelving location | Date acquired | Source of acquisition | Total Checkouts | Full call number | Barcode | Date last seen | Date last checked out | Price effective from | Koha item type |
|---|---|---|---|---|---|---|---|---|---|---|---|---|---|---|---|---|
| Central Library (CL) | Central Library (CL) | General Stacks | 03/22/2013 | Academic Book Company | 2 | 891.4393 ANW | SEECS012149 | 11/03/2015 | 10/05/2015 | 04/03/2013 | Book |
